000 00583nam a2200193 a 4500
005 20210219152910.0
008 991125n 000 0 spa u
035 _aUPN01000066242
100 1 _aVelloso de Santisteban, Agustín
222 0 _aREVISTA DE EDUCACION
245 0 0 _aBosquejo de un catálogo de obras de educación de la biblioteca del Palacio Real
300 _a287-299
362 0 _a1987 No. 282, ene.-abr.
653 0 _aBIBLIOTECA DEL PALACIO REAL (ESPAÑA)
653 0 _aCATALOGOS
653 0 _aHISTORIA EDUCATIVA
904 _aAC
_b004053
905 _aArticulo
999 _c63386
_d63386